000
00324nam a2200169Ia 4500
100
_a
Schaefer/Ken
650
_a
IIS
942
_c
BK
366
_f
25
654
_a
IIS
245
_a
Professional IIS 7
260
_b
Wrox/Wiley
082
_a
5.8
_b
SCH
300
_a
812
546
_a
ENGLISH
_c
PAMPHALETS
999
_c
21862
_d
21862